| 000 | 00367nam a22001457a 4500 | ||
|---|---|---|---|
| 999 |
_c1998 _d1998 |
||
| 008 | 200210b ||||| |||| 00| 0 eng d | ||
| 020 | _a0851742556 | ||
| 100 |
_91606 _aClissold, Peter |
||
| 245 | 1 | 0 |
_aBasic seamanship _cby Peter Clissold |
| 250 | _a7th ed. | ||
| 260 |
_aGlasgow _bBrown Son & Ferguson _c1998 |
||
| 300 | _a202p. | ||
| 650 | 0 | _aSeamanship | |
| 942 | _cBK | ||